【五十音別】東西南北端の駅 - Statistics

General Stats
  • This quiz has been taken 22 times
  • The average score is 59 of 176
Answer Stats
Answer % Correct
根室
95%
稚内
95%
南稚内
90%
赤嶺
75%
天塩中川
75%
県庁前(沖縄県)
70%
てだこ浦西
70%
首里
70%
幌延
70%
知床斜里
65%
留辺蘂
65%
儀保
65%
西大山
65%
昆布盛
60%
網走
60%
豊富
60%
糠南
55%
浜中
55%
浦添前田
55%
小禄
55%
たびら平戸口
55%
名寄
55%
遠軽
50%
中斜里
50%
西和田
50%
50%
石嶺
50%
美栄橋
50%
美深
50%
厚床
45%
落石
45%
釧路湿原
45%
茶内
45%
風連
45%
別当賀
45%
壺川
45%
那覇空港
45%
牧志
45%
北浜(北海道)
45%
剣淵
45%
勇知
45%
原生花園
40%
女満別
40%
門静
40%
市立病院前
40%
古島
40%
那覇空港
40%
山川
40%
筬島
40%
智北
40%
日進(北海道)
40%
磯分内
35%
清里町
35%
札弦
35%
瀬戸瀬
35%
天塩川温泉
35%
遠矢
35%
美留和
35%
摩周
35%
武佐(北海道)
35%
止別
35%
ラベンダー畑
35%
和寒
35%
佐久
35%
下沼
35%
多寄
35%
藻琴
35%
上尾幌
30%
野花南
30%
細岡
30%
呼人
30%
礼文
30%
生田原
30%
兜沼
30%
丸瀬布
30%
端野
25%
ハウステンボス
25%
頴娃
25%
薩摩川尻
25%
瀬々串
25%
柏陽
25%
安国
25%
浦幌
20%
陸中山田
20%
佐々
20%
西田平
20%
生見
20%
東田平
20%
本山(長崎県)
20%
楽々園
20%
竜ケ水
20%
開聞
20%
御領
20%
谷山(JR)
20%
砂川
15%
ロイズタウン
15%
江迎鹿町
15%
小浦
15%
すえたちばな
15%
清峰高校前
15%
蛍茶屋
15%
夫婦石
15%
山の田
15%
吉井
15%
霊丘公園体育館
15%
串間
15%
帖佐
15%
東開聞
15%
磯鶏
10%
由仁
10%
上相浦
10%
久原
10%
蔵宿
10%
根笠
10%
野中
10%
若葉町
10%
平成
10%
本妙寺入口
10%
メディカルセンター
10%
湯之元
10%
脇田
10%
光珠内
10%
陸中八木
10%
月寒中央
5%
千歳町(長崎県)
5%
鳥栖
5%
平和公園
5%
室見
5%
湯江
5%
六本松
5%
水族館口
5%
曽山寺
5%
唐湊
5%
野田郷
5%
蓮ケ池
5%
武蔵塚
5%
餅原
5%
榎原
5%
栗沢
5%
桑園
5%
No matching quizzes found
Score Distribution
Percent of People with Each Score
Percentile by Number Answered
Your Score History
You have not taken this quiz